| 000 | 00383nam a2200133Ia 4500 | ||
|---|---|---|---|
| 999 |
_c10860 _d10860 |
||
| 008 | 191201s2009 xx 000 0 und d | ||
| 100 | _aGUPTA, V. S. | ||
| 245 | 0 | _aCommunication and Development: The Challenge of the Twenty-First Century | |
| 250 | _a1st | ||
| 260 |
_aNew Delhi _bConcept Pub _c2000 |
||
| 300 | _a195 | ||
| 650 | _aBachelor of Mass Communication | ||
| 942 |
_2ddc _cBK |
||